000 00804nam a2200229Ia 4500
003 GCL
008 140319s9999 xx 000 0 ara d
040 _aGCL /
_cGCL
082 0 4 _a349.7
_bر ح
100 1 _aرافت محمد احمد حماد
245 1 0 _aالحق فى الحبس كوسيلة للضمان (دراسة مقارنة بين المدنى والفقه الاسلامى) /
_cرافت محمد احمد حماد
260 _a[S.N] :
_bدار النهضة العربية ،
_c1990
300 _a285 ص
490 _a
650 0 4 _aالقانون
650 0 4 _aالشريعة الاسلامية
650 0 4 _aالفقه الاسلامى
650 0 4 _aالقانون الخاص
650 0 4 _aالقانون المقارن
650 0 4 _aالحبس المؤقت
942 _2ddc
_cBK
999 _c27711
_d27711